| 000 | 00736cab a2200193 4500 | ||
|---|---|---|---|
| 001 | ##L133251 | ||
| 008 | 060424n2006 000 0 eng u | ||
| 035 | _a(Sirsi) u133251 | ||
| 041 | 0 | _aeng | |
| 100 | 1 | _aNichol, Suzannah | |
| 245 | 0 | 0 | _aCards on the table |
| 260 | _c2006 | ||
| 490 | 0 |
_aBuilding _v271(8427) 21 April 2006, 46(1) |
|
| 520 | _aExamines the various ways in which a Construction Skills Certification Scheme (CSCS) card can be obtained, and stresses the importance and advantages of having a fully qualified workforce by 2010. | ||
| 590 | _aIKA250406 | ||
| 650 | 2 | 4 | _aCONSTRUCTION SKILLS CERTIFICATION SCHEME |
| 690 | _aCAREERS, EDUCATION AND TRAINING-RICS POST-QUALIFICATION CERTIFICATION SCHEMES | ||
| 942 | _n0 | ||
| 999 |
_c76889 _d76889 |
||